A Nemzetközi Ügyvédunió párisi kongresszusa

Elmentve itt :
Bibliográfiai részletek
Szerző: Ladányi Sándor
Dokumentumtípus: Cikk
Megjelent: 1930
Sorozat:Polgári jog : a hazai és külföldi magánjog és hiteljog szemléje 6
Kulcsszavak:Jogtudomány kongresszus 1930 Paris
Online Access:http://misc.bibl.u-szeged.hu/5487
LEADER 00637nab a2200169 i 4500
001 misc5487
005 20191106142652.0
008 170607s1930 hu o 0|| hun d
040 |a SZTE Miscellanea Repozitórium  |b hun 
041 |a hun 
100 1 |a Ladányi Sándor 
245 1 2 |a A Nemzetközi Ügyvédunió párisi kongresszusa  |h [elektronikus dokumentum] /  |c  Ladányi Sándor 
260 |c 1930 
300 |a 91-95a 
490 0 |a Polgári jog : a hazai és külföldi magánjog és hiteljog szemléje  |v 6 
695 |a Jogtudomány kongresszus 1930 Paris 
856 4 0 |u http://misc.bibl.u-szeged.hu/5487/1/polgari_jog_1930_091-095a.pdf  |z Dokumentum-elérés